Ingo Maurer : 2011/2012 /

Guardado en:
Detalles Bibliográficos
Autor principal: Maurer, Ingo (Autor)
Formato: Libro
Lenguaje:alemán
Publicado: Mnichov Ingo Maurer GmbH
Materias:
Etiquetas: Agregar Etiqueta
Sin Etiquetas, Sea el primero en etiquetar este registro!

MARC

LEADER 00000nam a22000003a 4500
001 0005785
003 SK-STU
005 20150630091734.3
007 ta
008 150630s ----xo-----e------000-0-----d
040 |a STU  |b slo 
041 0 |a ger 
044 |a gw 
100 1 |a Maurer, Ingo  |r Z6  |4 aut 
245 1 0 |a Ingo Maurer : 2011/2012 /  |c aut. Ingo Maurer 
260 |a Mnichov  |b Ingo Maurer GmbH 
300 |a 319 s. 
650 0 7 |a osvetlenie 
650 0 7 |a svietidlá 
996 |b 284AU06467  |c A* 9391/U  |l AAKNAR  |s A  |a 24  |w 0005785_0001